| 000 | 00994nam1a22002291i 4500 | ||
|---|---|---|---|
| 001 | rc\4176315 | ||
| 005 | 20260407045217.0 | ||
| 035 | _a(NLR Aleph) 008187025 | ||
| 090 |
_a7951453 _c7951453 |
||
| 100 | _a20130415d1954 |||y0rusy50 ca | ||
| 101 | 0 | _arus | |
| 102 | _aRU | ||
| 105 | _a z ||||| | ||
| 200 | 1 |
_aТиповые проекты сооружений на автомобильных дорогах _eВып. 1- _fМ-во автомоб. транспорта и шоссейных дорог СССР. Союздорпроект |
|
| 210 |
_aМосква _cАвтотрансиздат _d1954 |
||
| 215 | _d26х40 | ||
| 606 |
_aИскусственные сооружения на автомобильных дорогах _jПроекты и чертежи _2psbo |
||
| 712 | 0 | 2 |
_a"Союздорпроект", институт _cМосква _3RU\NLR\AUTH\8810018053 _9533958 |
| 801 | 0 |
_aRU _bNLR _gpsbo |
|
| 801 | 1 |
_aRU _bELAR _2rusmarc |
|
| 852 |
_aNLR _jШифры разные |
||
| 942 | _cBOOK | ||